boygenius - Leonard Cohen (Lyrics) - Statistics

General Stats
  • This quiz has been taken 184 times
  • The average score is 128 of 145
Answer Stats
Answer % Correct
I
99%
"I
99%
a
98%
said
98%
said,
98%
On
97%
the
97%
you
97%
You
97%
an
96%
we
96%
me,
95%
me
95%
So
95%
so
95%
to
95%
that
94%
And
93%
in
93%
in"
93%
love
93%
song"
93%
song
93%
this
93%
"If
92%
listen
91%
Cohen
89%
could
89%
Leonard
89%
were
89%
But
88%
like
88%
once
88%
tell
88%
will
88%
wrong
88%
am
87%
didn't
87%
drive
87%
know
87%
well"
86%
well
86%
not
85%
serious
85%
was
85%
way
85%
driving
84%
hour
84%
idiot
84%
"There's
84%
adding
83%
crack
83%
done
83%
horny
83%
it
83%
light
83%
now
83%
poetry
83%
felt
82%
never
82%
time
82%
writing
82%
crisis
81%
happen
81%
how
81%
interstate
81%
man
81%
more
81%
old
81%
though
81%
until
81%
us
81%
gave
80%
having
80%
less
80%
might
80%
that's
80%
else
79%
everything,
79%
anyone
78%
you'd
78%
gets
78%
stories
78%
wouldn't
78%
you'd
78%
agree
77%
At
77%
existential
77%
Telling
77%
thought
77%
Buddhist
75%
ourselves
75%
monastery
74%
embarrass
72%
on-ramp,
61%
No matching quizzes found
Score Distribution
Percent of People with Each Score
Percentile by Number Answered
Your Score History
You have not taken this quiz